01385nam a2200277 i 4500001000700000003000900007005001700016007000300033008004100036040001300077080001700090100004600107245019500153246003400348260007500382300002900457500010900486500013200595610005400727650006000781710005600841852002800897942001800925999001900943952014500962106438ES-MaACL20240428063034.0t|061120s1922 xxu |||| | spa d cES-MaACL a81-23:37(73)1 aWilkins, Lawrence A.,9116857d1878-eaut13aLa enseñanza de lenguas modernas en los Estados Unidos :bconferencias dadas en el Centro de Estudios Históricos y en el Ateneo... durante el otoño de 1921 / cpor Lawrence A. Wilkins. aEspaña y los Estados Unidos aNew York : bInstituto de las Españas en los Estados Unidos, c1922. a160 páginas ; c25 cm. aPrecede al tít.: Junta para Ampliación de Estudios. Instituto de las Españas en los Estados Unidos aConferencia leída en el Ateneo de Madrid el 8 de diciembre de 1921, con el tít.: España y los Estados Unidos (p. 144-155)24aAteneo de Madrid-vConferencias-y1900-193991907 4aLenguas modernas-xEnseñanza-zEstados Unidos.9143642 aHispanic Institute in the United States.eedt94582 aES-MaACLcDEPO2jG-4230 cMONOGRAFIAn0 c106438d106438 001040708Fondo_Ateneo_de_MadridaATENEOMbATENEOMcDEPO2d2008-01-17eSCl0oG-4230p1111109r2023-02-23 00:00:00w2023-02-23yMONOGRAFIA